Statistics for General Knowledge #1

Click here to take the quiz!

General Stats

  • This quiz has been taken 24 times
  • The average score is 7 of 10

Answer Stats

QuestionAnswer% Correct
King Charles is the monarch of which country?B)UK
100%
What is 13x13?169
96%
Paint,Drawing,Writing and sketching are all in what Subject?Art
96%
How old was Queen Elizabeth II When She died96
78%
World’s Best Football Players?Ronaldo,Messi
78%
How Big Is The Burj Khalifa828M
74%
Computers are in what subject?ICT
74%
What was the largest empire?British empire
39%
What Is a Category?Subjects in smaller pieces
13%
Capital of YemenYouli
4%

Score Distribution

Percentile by Number Answered

Percent of People with Each Score

Your Score History

You have not taken this quiz